000 00484nam a22002177a 4500
003 UA-OsUOA
001 38197
007 ta
008 20060428b un ||||| |||| 00| 0 ukr d
100 _aШибко Павло
090 _a32
_bШ11
942 _cSA
040 _aUA-OsUOA
_bukr
_cUA-OsUOA
_dUA-OsUOA
245 _aПрофесії для села
300 _a4 с.
955 _a0
041 _aukr
080 _a32
773 0 _w38195
650 7 _a32 Політика
_2UDC
999 _c324364
_d324364